LIBRARY & INFORMATION CENTRE, KCAET, TAVANUR

ONLINE PUBLIC ACCESS CATALOGUE (OPAC)

Court of mente cristo / (Record no. 12476)

MARC details
000 -LEADER
fixed length control field 00360cam a2200145ua 4500
041 ## - LANGUAGE CODE
Language code of text/sound track or separate title eng
082 ## - DEWEY DECIMAL CLASSIFICATION NUMBER
Classification number 823.308
Item number DUM/CO
100 ## - MAIN ENTRY--AUTHOR NAME
Personal name Dumes, Alexander .
245 ## - TITLE STATEMENT
Title Court of mente cristo /
260 ## - PUBLICATION, DISTRIBUTION, ETC. (IMPRINT)
Place of publication `London :
Name of publisher J M Dent and Sons Ltd ,
Year of publication 1960.
300 ## - PHYSICAL DESCRIPTION
Number of Pages 560 ; .
942 ## - ADDED ENTRY ELEMENTS (KOHA)
Koha item type Books
Holdings
Withdrawn status Lost status Damaged status Home library Current library Date acquired Full call number Accession Number Koha item type Public note
Withdrawn     KAUAET KAUAET 07/04/2012 823.308 4250 Books Deleted
free website counter